[Event "Russland (ch/09)"]
[Site "?"]
[Date "1995.??.??"]
[Round "?"]
[White "Bareev, Evgeny I"]
[Black "Morozevich, Alexander"]
[Result "1-0"]
[WhiteElo "2675"]
[BlackElo "2605"]
[PlyCount "29"]
[EventDate "1995.??.??"]
[Source "www.chesslib.no"]
[SourceDate "2004.05.04"]

1. d4 d5 2. Nf3 Nc6 3. g3 Bf5 4. Bg2 Nb4 5. Na3 e6 6. O-O Be7 7. c3 Na6 8. Qb3 Qc8 9. Re1 c6 10. Bg5 Be4 11. Bxe7 f5 12. Nb1 Nh6 13. Bf8 Kd7 14. Na3 c5 15. Ne5+ 1-0

[Event "Bundesliga 2002-3"]
[Site "Cologne"]
[Date "2003.02.09"]
[Round "11"]
[White "Sokolov, Andrei"]
[Black "Hansen, Sune Berg"]
[Result "1-0"]
[WhiteElo "2688"]
[BlackElo "2537"]
[PlyCount "105"]
[EventDate "2003.01.10"]
[Source "Roberto Alvarez"]
[SourceDate "2003.02.17"]

1. d4 d5 2. Nf3 Nc6 3. Bf4 Bg4 4. e3 e6 5. Nbd2 Bd6 6. c3 Nge7 7. Qb3 Rb8 8. Bd3 a6 9. O-O O-O 10. Rfe1 h6 11. Bg3 Nf5 12. e4 dxe4 13. Rxe4 Nxg3 14. Rxg4 Nh5 15. Re1 Ne7 16. Ne4 Nd5 17. Rh4 Ndf4 18. Qd1 Be7 19. Rxh5 Nxh5 20. Bc2 Bd6 21. Qd3 g6 22. g3 Re8 23. b4 Bf8 24. Ne5 Bg7 25. Nc5 Bxe5 26. Rxe5 Ng7 27. Qd2 Kh7 28. h4 b6 29. Nd3 f6 30. Re2 e5 31. dxe5 fxe5 32. Re4 Nh5 33. Qe2 Nf6 34. Rxe5 Nd7 35. Re3 Kg7 36. Nf4 Rxe3 37. Qxe3 Nf8 38. Qe5+ Kg8 39. h5 Qd6 40. Bb3+ Kh7 41. hxg6+ Nxg6 42. Qxd6 cxd6 43. Bc2 Rc8 44. Bxg6+ Kg7 45. Bd3 Rxc3 46. Bxa6 Rc2 47. a4 Rd2 48. Bb7 Ra2 49. Bc6 Rc2 50. b5 Ra2 51. Nd5 Rxa4 52. Nxb6 Ra1+ 53. Kg2 1-0

[Event "Sigeman & Co"]
[Site "Malmo"]
[Date "1998.06.12"]
[Round "4"]
[White "Hansen, Curt"]
[Black "Miladinovic, Igor"]
[Result "1/2-1/2"]
[WhiteElo "2595"]
[BlackElo "2565"]
[PlyCount "144"]
[EventDate "1998.06.09"]
[Source "ChessBase"]
[SourceDate "1998.09.30"]

1. d4 d5 2. Nf3 Nc6 3. Bf4 Bg4 4. e3 e6 5. c4 dxc4 6. Bxc4 Bd6 7. Bg3 Nf6 8. Nc3 Bxg3 9. hxg3 Qd6 10. a3 a6 11. Qc2 h6 12. Bd3 e5 13. Ne4 Nxe4 14. Bxe4 Bxf3 15. gxf3 exd4 16. O-O-O O-O-O 17. Rh5 g5 18. Bxc6 Qxc6 19. Qxc6 bxc6 20. Rxd4 Rxd4 21. exd4 a5 22. g4 Kd7 23. f4 f6 24. Kd2 Ke6 25. Kd3 a4 26. fxg5 fxg5 27. Ke4 Kd7 28. f3 Rb8 29. Rxh6 Rxb2 30. Rg6 Rb5 31. Rg7+ Kd6 32. Rg6+ Kd7 33. Kd3 Ra5 34. Ke4 Rb5 35. Rg8 Ra5 36. Rf8 Ke6 37. Rc8 Kd7 38. Rg8 Ke6 39. Rg7 Kd6 40. Rg6+ Kd7 41. Rf6 Rb5 42. Rf5 Kd6 43. Re5 Kd7 44. d5 Kd6 45. Re6+ Kd7 46. Rxc6 Rb3 47. Rg6 Rxa3 48. Rxg5 Ra1 49. Rg8 Re1+ 50. Kd3 Rd1+ 51. Kc4 Rb1 52. Kd4 Rd1+ 53. Ke3 Re1+ 54. Kd3 Rd1+ 55. Ke2 Rxd5 56. Ra8 Rd4 57. Ke3 Rb4 58. f4 Ke6 59. f5+ Kf6 60. Ra6+ Rb6 61. Rxa4 Kg5 62. Re4 c5 63. Kd3 Ra6 64. Kc4 Ra5 65. Kd5 c4+ 66. Kxc4 Ra8 67. Kc5 Rd8 68. Kc6 Rd1 69. Re7 Kxg4 70. f6 Rd8 71. f7 Rf8 72. Kd6 Kf5 1/2-1/2

[Event "Open A"]
[Site "Bratto"]
[Date "2004.08.24"]
[Round "5"]
[White "Cebalo, Miso"]
[Black "Miladinovic, Igor"]
[Result "1/2-1/2"]
[WhiteElo "2527"]
[BlackElo "2630"]
[PlyCount "68"]
[EventDate "2004.08.20"]
[Source "Roberto Alvarez"]
[SourceDate "2004.09.06"]

1. d4 d5 2. Nf3 Nc6 3. Bf4 Bg4 4. e3 e6 5. c4 Nf6 6. Nc3 a6 7. Rc1 h6 8. h3 Bh5 9. cxd5 Nxd5 10. Nxd5 Qxd5 11. a3 Bxf3 12. gxf3 Bd6 13. Bxd6 cxd6 14. Rg1 O-O 15. f4 Rfc8 16. Rc3 Ne7 17. Bd3 Rxc3 18. bxc3 Rc8 19. c4 Qa5+ 20. Ke2 Qxa3 21. Qb1 b5 22. cxb5 Nd5 23. Qa1 Nc3+ 24. Kf3 Qxa1 25. Rxa1 axb5 26. Ra6 d5 27. Rb6 Ra8 28. Bxb5 g6 29. Bd3 Ra3 30. Rb2 Kg7 31. Bc2 Ra7 32. Bd3 f5 33. Rb3 Rc7 34. h4 Kf6 1/2-1/2

[Event "Monarch Assurance"]
[Site "Isle of Man"]
[Date "2007.09.22"]
[Round "1.6"]
[White "Roiz, Michael"]
[Black "Heberla, Bartlomiej"]
[Result "1-0"]
[WhiteElo "2630"]
[BlackElo "2484"]
[PlyCount "75"]
[EventDate "2007.09.22"]
[Source "www.chesslib.no"]
[SourceDate "2004.05.04"]

1. d4 d5 2. Nf3 Nc6 3. g3 Bf5 4. c4 e6 5. Bg2 Nb4 6. O-O Nc2 7. Nh4 Nxa1 8. Nxf5 exf5 9. Nc3 Nf6 10. cxd5 Be7 11. Bf4 O-O 12. Qd3 Qd7 13. Rxa1 c6 14. dxc6 bxc6 15. Qc4 Rac8 16. Na4 Rfd8 17. e3 Ne4 18. Rc1 c5 19. Bxe4 fxe4 20. Nxc5 Bxc5 21. dxc5 Qf5 22. h3 Qxh3 23. c6 Qf5 24. Qe2 Rd3 25. c7 h5 26. Kg2 Qd5 27. Rh1 g6 28. g4 Qd7 29. Rh4 f6 30. Bg3 Kg7 31. gxh5 Rd2 32. Qc4 Qf5 33. h6+ Kh8 34. Rf4 Qd5 35. Qxd5 Rxd5 36. Rxf6 Kh7 37. Bd6 Kxh6 38. Rf8 1-0

[Event "ch-FRA"]
[Site "Aix-les-Bains FRA"]
[Date "2007.08.22"]
[Round "9"]
[White "Vaisser, A."]
[Black "Fontaine, R."]
[Result "1/2-1/2"]
[WhiteElo "2544"]
[BlackElo "2567"]
[PlyCount "44"]
[EventDate "2007.08.13"]
[Source "www.chesslib.no"]
[SourceDate "2004.05.04"]

1. d4 d5 2. Nf3 Nc6 3. Bf4 Bg4 4. e3 e6 5. h3 Bxf3 6. Qxf3 Bd6 7. c3 Qf6 8. Nd2 Nge7 9. Bb5 a6 10. Bxd6 Qxf3 11. Nxf3 cxd6 12. Bd3 h6 13. Ke2 Kd7 14. Rhc1 Na5 15. Nd2 Rhc8 16. c4 dxc4 17. Nxc4 Nxc4 18. Bxc4 Rc7 19. Bd3 Rac8 20. Rxc7+ Rxc7 21. h4 Nc6 22. Rh1 Na5 1/2-1/2

[Event "Zaragoza op"]
[Site "Zaragoza"]
[Date "1996.??.??"]
[Round "9"]
[White "Lalic, Bogdan"]
[Black "Kaminski, Marcin"]
[Result "1/2-1/2"]
[WhiteElo "2575"]
[BlackElo "2525"]
[PlyCount "27"]
[EventDate "1996.04.??"]
[Source "www.chesslib.no"]
[SourceDate "2004.05.04"]

1. d4 d5 2. Nf3 Nc6 3. Bf4 Bg4 4. e3 e6 5. Be2 Bd6 6. Bg3 Bxg3 7. hxg3 Nf6 8. Nbd2 Qe7 9. Ne5 Bxe2 10. Qxe2 Nxe5 11. dxe5 Nd7 12. f4 O-O-O 13. O-O-O h6 14. e4 1/2-1/2

[Event "ch-FRA"]
[Site "Aix-les-Bains FRA"]
[Date "2007.08.19"]
[Round "6"]
[White "Fontaine, R."]
[Black "Degraeve, JM."]
[Result "0-1"]
[WhiteElo "2567"]
[BlackElo "2520"]
[PlyCount "104"]
[EventDate "2007.08.13"]
[Source "www.chesslib.no"]
[SourceDate "2004.05.04"]

1. d4 d5 2. Nf3 Nc6 3. Bf4 Bg4 4. e3 e6 5. h3 Bxf3 6. Qxf3 Bd6 7. c3 Qf6 8. Nd2 Nge7 9. Bd3 e5 10. Bh2 Qe6 11. dxe5 Bxe5 12. Bf4 O-O-O 13. O-O-O Kb8 14. Nb3 Qf6 15. Bxe5 Qxe5 16. Bc2 Nc8 17. Rd2 Nb6 18. Rhd1 Qe7 19. Qg3 g6 20. Qf4 Rhe8 21. Nd4 Ne5 22. Nf3 Nxf3 23. Qxf3 c6 24. Rd4 Nc4 25. Qf4+ Qc7 26. h4 h5 27. Qxc7+ Kxc7 28. e4 Nb6 29. exd5 Rxd5 30. Bb3 Rf5 31. R4d2 a5 32. g3 Re7 33. f4 Nd7 34. Bc4 Nf6 35. Re2 Rxe2 36. Bxe2 Rd5 37. Bc4 Rxd1+ 38. Kxd1 Nd5 39. Bxd5 cxd5 40. Kd2 Kd6 41. Ke3 a4 42. b3 axb3 43. axb3 Ke6 44. Kf3 Kf5 45. c4 dxc4 46. bxc4 b6 47. Ke3 Kg4 48. Kf2 Kh3 49. f5 gxf5 50. Kf3 f6 51. Kf4 Kg2 52. Kxf5 Kxg3 0-1

[Event "Foxwoods Open"]
[Site "Connecticut USA"]
[Date "2008.03.21"]
[Round "4"]
[White "Enkhbat, Tegshsuren"]
[Black "Stripunsky, Alexander"]
[Result "1/2-1/2"]
[WhiteElo "2429"]
[BlackElo "2628"]
[PlyCount "83"]
[EventDate "2008.03.19"]
[Source "www.chesslib.no"]
[SourceDate "2004.05.04"]

1. d4 d5 2. Nf3 Nc6 3. Bf4 Bg4 4. e3 e6 5. c4 Bd6 6. Bg3 Nf6 7. cxd5 Nxd5 8. Be2 O-O 9. O-O Re8 10. Nbd2 Bxg3 11. hxg3 e5 12. Nxe5 Bxe2 13. Qxe2 Nxe5 14. dxe5 Rxe5 15. Rfd1 Nb6 16. Nc4 Rd5 17. e4 Rxd1+ 18. Rxd1 Qe7 19. Na5 c6 20. Qd3 Re8 21. a3 g6 22. b4 Qxe4 23. Qxe4 Rxe4 24. Nxb7 Rc4 25. Rd3 Rc1+ 26. Kh2 Nc4 27. f3 h5 28. Nd6 Ne5 29. Re3 f6 30. g4 Rd1 31. Ne4 Kg7 32. g5 fxg5 33. Nc3 Rd3 34. Rxe5 Rxc3 35. Re7+ Kh6 36. Rxa7 Rc2 37. a4 Rc4 38. Rb7 c5 39. bxc5 Rxa4 40. c6 Rc4 41. c7 Rc3 42. g3 1/2-1/2

[Event "ESP-chTa"]
[Site "ESP"]
[Date "1995.??.??"]
[Round "7"]
[White "Illescas Cordoba, Miguel"]
[Black "Mellado Trivino, Juan"]
[Result "1-0"]
[WhiteElo "2595"]
[BlackElo "2445"]
[PlyCount "111"]
[EventDate "1995.??.??"]
[Source "www.chesslib.no"]
[SourceDate "2004.05.04"]

1. d4 d5 2. Nf3 Nc6 3. Bf4 Bg4 4. e3 e6 5. h3 Bxf3 6. Qxf3 Bd6 7. Bxd6 Qxd6 8. Nc3 Nf6 9. O-O-O a6 10. g4 h6 11. h4 O-O-O 12. Bg2 Qe7 13. g5 hxg5 14. hxg5 Nd7 15. Qg4 f5 16. gxf6 gxf6 17. Rxh8 Rxh8 18. Rh1 Rxh1+ 19. Bxh1 Qh7 20. Bf3 Nd8 21. Qg3 Nf7 22. Ne2 Ng5 23. Nf4 Nxf3 24. Qxf3 Nf8 25. Qg4 Kd7 26. Kd2 Kd6 27. Nd3 Nd7 28. Qf4+ Kc6 29. b3 b5 30. Qg4 Qe7 31. Qg8 Kb7 32. b4 Qd6 33. f4 e5 34. Nc5+ Nxc5 35. bxc5 Qc6 36. c3 exf4 37. exf4 Qd7 38. Qg6 Qe6 39. f5 Qe7 40. Qg2 Kc6 41. Qg8 Kb7 42. Qxd5+ c6 43. Qe6 Qg7 44. Qe4 Qf7 45. Qe6 Qg7 46. Kc2 a5 47. Kb3 Qg2 48. Qd7+ Kb8 49. Qd8+ Kb7 50. Qxa5 Qd5+ 51. Ka3 Kc8 52. Qa6+ Kd8 53. Kb4 Qxf5 54. Qxc6 Qb1+ 55. Ka5 Qxa2+ 56. Kb6 1-0

[Event "Campionato europeo 2007"]
[Site "Dresda GER"]
[Date "2007.04.03"]
[Round "1.44"]
[White "Graf, Alexander"]
[Black "Pirrot, Dieter"]
[Result "1/2-1/2"]
[WhiteElo "2620"]
[BlackElo "2420"]
[PlyCount "160"]
[EventDate "2007.04.03"]
[Source "www.chesslib.no"]
[SourceDate "2004.05.04"]

1. d4 d5 2. Nf3 Nc6 3. e3 Bg4 4. Bb5 f6 5. c4 e6 6. Bxc6+ bxc6 7. Nbd2 a5 8. O-O Bb4 9. Qa4 Qd7 10. a3 Bxd2 11. Nxd2 Ne7 12. Re1 O-O 13. cxd5 exd5 14. f3 c5 15. Qc2 Bf5 16. Qxc5 a4 17. b4 Ra6 18. Nf1 Rb8 19. Qc3 Rc6 20. Qd2 Nc8 21. e4 Bg6 22. exd5 Qxd5 23. Ne3 Qb3 24. Bb2 Nb6 25. Rac1 Rxc1 26. Rxc1 Re8 27. Rc3 Qf7 28. Rc5 h6 29. d5 Kh7 30. Bd4 Rd8 31. h3 Rd6 32. Qc3 Nxd5 33. Nxd5 Rxd5 34. Rxc7 Rd7 35. Rc5 Qb3 36. Kh2 Qd1 37. Be3 Rd3 38. Qc1 Qe2 39. Bxh6 Rd1 40. Qe3 Qxe3 41. Bxe3 Rd3 42. Bc1 Bf7 43. Rc7 Bg8 44. Bb2 Kg6 45. Bc3 Rd5 46. g4 Rd3 47. f4 Bd5 48. f5+ Kg5 49. Kg1 Kf4 50. Kf2 Rxh3 51. b5 Rh2+ 52. Ke1 Kxg4 53. b6 Rh8 54. Rxg7+ Kxf5 55. Ra7 Ra8 56. Re7 Rb8 57. Bd4 Rb7 58. Re3 Kf4 59. Kd2 f5 60. Kc3 Be4 61. Kb4 Rd7 62. Bc5 Ke5 63. Kxa4 f4 64. Rc3 f3 65. Kb5 Rd2 66. a4 f2 67. Bxf2 Rxf2 68. Ka6 Kd6 69. Rb3 Rf8 70. Rc3 Ra8+ 71. Kb5 Bb7 72. Rd3+ Ke6 73. Rd4 Ke7 74. Rh4 Ke6 75. Rh6+ Kd5 76. a5 Ba6+ 77. Kb4 Bb7 78. Rh7 Ba6 79. Rc7 Kd6 80. Rc5 Rg8 1/2-1/2

[Event "Malaga op 3rd"]
[Site "Malaga"]
[Date "2000.02.28"]
[Round "4"]
[White "Cramling, Pia"]
[Black "Vera, Reynaldo"]
[Result "1/2-1/2"]
[WhiteElo "2493"]
[BlackElo "2546"]
[PlyCount "28"]
[EventDate "2000.02.25"]
[Source "ChessBase"]
[SourceDate "2000.03.10"]

1. d4 d5 2. Nf3 Nc6 3. Bf4 Bg4 4. e3 e6 5. c4 Bb4+ 6. Nc3 Nf6 7. h3 Bxf3 8. Qxf3 Qe7 9. cxd5 Bxc3+ 10. bxc3 Qa3 11. e4 exd5 12. exd5 Nxd5 13. Bd2 O-O-O 14. Be2 Qb2 1/2-1/2

[Event "Campionato europeo 2007"]
[Site "Dresda GER"]
[Date "2007.04.12"]
[Round "9.78"]
[White "Khismatullin, Denis"]
[Black "Zaragatski, Ilja"]
[Result "1-0"]
[WhiteElo "2570"]
[BlackElo "2464"]
[PlyCount "95"]
[EventDate "2007.04.03"]
[Source "www.chesslib.no"]
[SourceDate "2004.05.04"]

1. d4 d5 2. Nf3 Nc6 3. e3 Bg4 4. Bb5 e6 5. c4 Nge7 6. cxd5 exd5 7. Nc3 Qd6 8. Bd2 O-O-O 9. Rc1 Kb8 10. Na4 Rc8 11. h3 Bxf3 12. Qxf3 Nd8 13. Nc5 c6 14. Bd3 Ka8 15. b4 g6 16. a4 f5 17. b5 Ne6 18. O-O Nxc5 19. Bb4 Bh6 20. Bxc5 Qe6 21. Rc2 Rhe8 22. Rfc1 Ng8 23. bxc6 bxc6 24. Ba6 Rb8 25. Qe2 Rb3 26. Rb2 Rxb2 27. Qxb2 Rb8 28. Qc2 Nf6 29. Rb1 Nd7 30. Rxb8+ Nxb8 31. Be2 Nd7 32. Bb4 Bf8 33. Bxf8 Nxf8 34. Ba6 Qd7 35. Qc5 Ne6 36. Qb4 Qc7 37. a5 Qd7 38. g3 Qc7 39. h4 Qd7 40. Bd3 Qc7 41. h5 Qd7 42. a6 Qc7 43. h6 Qd7 44. g4 fxg4 45. Bxg6 Nd8 46. Qf8 Kb8 47. Bf5 Qc7 48. Kg2 1-0

[Event "GER Ch 74th"]
[Site "?"]
[Date "2002.11.22"]
[Round "1"]
[White "Graf Alexander"]
[Black "Breutigam Martin"]
[Result "1-0"]
[WhiteElo "2635"]
[BlackElo "2398"]
[PlyCount "77"]
[EventDate "2002.??.??"]
[Source "www.chesslib.no"]
[SourceDate "2004.05.04"]

1. d4 d5 2. Nf3 Nc6 3. e3 Bg4 4. Nbd2 e6 5. c4 Nge7 6. a3 g6 7. b4 Bg7 8. Bb2 O-O 9. Qb3 Bxf3 10. Nxf3 a5 11. cxd5 exd5 12. b5 a4 13. Qc2 Nb8 14. Bc3 Nd7 15. Bb4 Re8 16. Bd3 Nb6 17. O-O Qd7 18. Rac1 Rec8 19. Bc5 Qe6 20. Rfe1 f5 21. Qa2 Re8 22. e4 fxe4 23. Rxe4 Qd7 24. Rce1 Nf5 25. Bxb6 cxb6 26. Rxe8+ Rxe8 27. Rxe8+ Qxe8 28. Qxd5+ Qf7 29. Qd8+ Qf8 30. Bc4+ Kh8 31. Qd5 Bf6 32. g4 Nh4 33. Ne5 Be7 34. Nf7+ Kg7 35. Qe5+ Bf6 36. Qe3 g5 37. Nxg5 Qe7 38. Ne6+ Kh8 39. Qf4 1-0

[Event "Festival des Jeux"]
[Site "Cannes FRA"]
[Date "2008.02.12"]
[Round "3"]
[White "Dobrev, Nan"]
[Black "Miladinovic, I."]
[Result "0-1"]
[WhiteElo "2427"]
[BlackElo "2604"]
[PlyCount "133"]
[EventDate "2008.02.11"]
[Source "www.chesslib.no"]
[SourceDate "2004.05.04"]

1. d4 d5 2. Nf3 Nc6 3. Bf4 Bg4 4. e3 e6 5. Nbd2 Bd6 6. c3 Nge7 7. Bd3 Ng6 8. Bxd6 cxd6 9. h3 Bxf3 10. Qxf3 Rc8 11. O-O O-O 12. Qh5 e5 13. Bf5 Rc7 14. Nf3 Qf6 15. dxe5 dxe5 16. Rad1 Rd8 17. Bc2 Nf8 18. Bb3 g6 19. Qh6 Rcd7 20. Rd2 Ne6 21. h4 Ne7 22. e4 Nc5 23. Bc2 dxe4 24. Rxd7 Rxd7 25. Ng5 Qg7 26. Qxg7+ Kxg7 27. Nxe4 Nxe4 28. Bxe4 f5 29. Bf3 Rd2 30. Rd1 Rxb2 31. Rd7 Kf6 32. Rxb7 Rxa2 33. g4 h6 34. g5+ hxg5 35. hxg5+ Ke6 36. Kf1 Ra1+ 37. Kg2 Re1 38. Rb2 Kd6 39. Ba8 Ra1 40. Rb4 Ra3 41. c4 Ra5 42. Rb7 e4 43. c5+ Rxc5 44. Rxa7 Rc7 45. Ra6+ Ke5 46. Kg3 Rc3+ 47. Kg2 Kf4 48. Ra7 Nc8 49. Ra6 Kxg5 50. f4+ Kxf4 51. Rxg6 Rc2+ 52. Kg1 Rc5 53. Kf2 Na7 54. Rh6 Rc2+ 55. Ke1 Rb2 56. Rh4+ Ke5 57. Rh8 Rb6 58. Kd2 Nb5 59. Ke3 Nd6 60. Ke2 f4 61. Rh5+ Nf5 62. Rh8 f3+ 63. Kd2 e3+ 64. Kd3 Rd6+ 65. Kc3 e2 66. Re8+ Kf4 67. Rxe2 0-1

[Event "Biel"]
[Site "Biel"]
[Date "1981.??.??"]
[Round "?"]
[White "Hort, Vlastimil"]
[Black "Cuartas, Carlos"]
[Result "1/2-1/2"]
[WhiteElo "2595"]
[BlackElo "2430"]
[PlyCount "106"]
[EventDate "1981.07.??"]
[Source "ChessBase"]

1. d4 d5 2. Nf3 Nc6 3. Bf4 Bf5 4. e3 e6 5. Be2 Bd6 6. c3 Nge7 7. Qb3 O-O 8. Bg3 a6 9. Nbd2 Na5 10. Qd1 b5 11. Nh4 Nc4 12. Nxc4 bxc4 13. b3 cxb3 14. axb3 a5 15. Nxf5 Nxf5 16. Bd3 Qg5 17. Ra2 Rfb8 18. e4 Nxg3 19. hxg3 g6 20. O-O c5 21. exd5 exd5 22. dxc5 Bxc5 23. Qf3 Rxb3 24. Bc4 Rb6 25. Bxd5 Ra7 26. Rxa5 Rf6 27. Rxc5 Rxf3 28. Bxf7+ Raxf7 29. Rxg5 Rxc3 30. g4 Rc2 31. Ra5 Kg7 32. g3 Rb2 33. Kg2 Re2 34. Ra4 Rb7 35. Rf4 Ree7 36. Ra1 Rbd7 37. Ra8 Re2 38. Kh3 Rf7 39. Rxf7+ Kxf7 40. Ra7+ Kg8 41. f4 h6 42. Ra5 g5 43. fxg5 hxg5 44. Rxg5+ Kh7 45. Rh5+ Kg6 46. Rh8 Kg7 47. Ra8 Kg6 48. Ra6+ Kg5 49. Ra5+ Kg6 50. g5 Kh5 51. g4+ Kg6 52. Kh4 Rh2+ 53. Kg3 Rh1 1/2-1/2

[Event "Malaga op 3rd"]
[Site "Malaga"]
[Date "2000.03.04"]
[Round "9"]
[White "Cramling, Pia"]
[Black "Arencibia, Walter"]
[Result "1-0"]
[WhiteElo "2493"]
[BlackElo "2529"]
[PlyCount "63"]
[EventDate "2000.02.25"]
[Source "ChessBase"]
[SourceDate "2000.03.10"]

1. d4 d5 2. Nf3 Nc6 3. Bf4 Bg4 4. e3 e6 5. c4 Nf6 6. Nc3 Bb4 7. Bg5 h6 8. Bxf6 Qxf6 9. cxd5 exd5 10. Be2 O-O 11. O-O Bxc3 12. bxc3 Na5 13. Ne5 Bxe2 14. Qxe2 Rfd8 15. Rab1 Rac8 16. h3 c5 17. Rb5 b6 18. Nd3 Nb7 19. Nf4 Nd6 20. Rb3 Ne4 21. Qb2 g5 22. Nh5 Qg6 23. g4 Rc6 24. f3 Nd6 25. e4 c4 26. Ra3 dxe4 27. fxe4 Nxe4 28. Rxa7 Nf6 29. Qg2 Re6 30. Qf3 Rdd6 31. d5 Nxd5 32. Ra8+ 1-0

[Event "Rubinstein mem"]
[Site "Polanica Zdroj"]
[Date "1995.??.??"]
[Round "2"]
[White "Sosonko, Gennadi"]
[Black "Kaminski, Marcin"]
[Result "1/2-1/2"]
[WhiteElo "2525"]
[BlackElo "2495"]
[PlyCount "58"]
[EventDate "1995.08.??"]
[Source "ChessBase"]

1. d4 d5 2. Nf3 Nc6 3. g3 Bf5 4. Bg2 Nb4 5. Na3 e6 6. O-O Be7 7. c3 Na6 8. Nb1 Nf6 9. Bg5 O-O 10. Nbd2 h6 11. Bxf6 Bxf6 12. Re1 c5 13. e4 dxe4 14. Nxe4 Bxe4 15. Rxe4 cxd4 16. Nxd4 Nc5 17. Re2 Qb6 18. b4 Na6 19. Rd2 Rfd8 20. Qf3 Bxd4 21. Rxd4 Rxd4 22. cxd4 Rb8 23. a3 Nc7 24. h4 Nd5 25. Qd3 Rd8 26. Rc1 Ne7 27. Rc5 Rd7 28. Qe4 Qd8 29. Qe5 b6 1/2-1/2

[Event "Umag CRO, Open 2005"]
[Site "?"]
[Date "2005.03.24"]
[Round "5.1"]
[White "Cebalo Miso"]
[Black "Fercec Nenad"]
[Result "1/2-1/2"]
[WhiteElo "2519"]
[BlackElo "2498"]
[PlyCount "39"]
[EventDate "2005.??.??"]
[Source "www.chesslib.no"]
[SourceDate "2004.05.04"]

1. d4 d5 2. Nf3 Nc6 3. Bf4 Bg4 4. e3 e6 5. c4 Bb4+ 6. Nc3 Nf6 7. Rc1 Ne4 8. h3 Bh5 9. Be2 dxc4 10. Bxc4 e5 11. Bh2 exd4 12. exd4 O-O 13. Be2 Ng5 14. g4 Nxf3+ 15. Bxf3 Re8+ 16. Kf1 Bg6 17. Kg2 Bd6 18. Bxc6 bxc6 19. Bxd6 cxd6 20. Re1 1/2-1/2

[Event "Terrassa op"]
[Site "?"]
[Date "1998.??.??"]
[Round "?"]
[White "Stefanova Antoaneta"]
[Black "Arencibia Walter"]
[Result "1-0"]
[WhiteElo "2480"]
[BlackElo "2535"]
[PlyCount "67"]
[EventDate "1998.??.??"]
[Source "www.chesslib.no"]
[SourceDate "2004.05.04"]

1. d4 d5 2. Nf3 Nc6 3. g3 Bf5 4. Bg2 Nb4 5. Na3 c6 6. c3 Na6 7. O-O e6 8. b4 Nc7 9. Qb3 Nf6 10. Nc2 Be7 11. Ne5 h6 12. a4 O-O 13. Ne3 Be4 14. f3 Bh7 15. Ba3 Nd7 16. N3g4 h5 17. Nxd7 Qxd7 18. Ne5 Qe8 19. e4 h4 20. Rae1 hxg3 21. hxg3 Bd6 22. exd5 cxd5 23. b5 Qe7 24. Bxd6 Qxd6 25. f4 Rac8 26. Rd1 Qe7 27. Rfe1 Rfd8 28. Rd2 Ne8 29. c4 dxc4 30. Nxc4 Qc7 31. Ne5 Nf6 32. Kh2 Nd5 33. Qf3 Qa5 34. Rde2 1-0

[Event "It (Open) INT"]
[Site "?"]
[Date "2006.05.06"]
[Round "?"]
[White "Shaposhnikov Evgeny"]
[Black "Zablotsky Sergei"]
[Result "1-0"]
[WhiteElo "2538"]
[BlackElo "2472"]
[PlyCount "93"]
[EventDate "2006.??.??"]
[Source "www.chesslib.no"]
[SourceDate "2004.05.04"]

1. d4 d5 2. Nf3 Nc6 3. e3 Bf5 4. Bb5 e6 5. Ne5 Nge7 6. c4 f6 7. Nxc6 bxc6 8. Ba4 h5 9. Nc3 Kf7 10. O-O h4 11. Bb3 Rb8 12. Re1 h3 13. g3 Qd7 14. Qf3 Bg6 15. e4 dxc4 16. Bxc4 Qxd4 17. Bb3 Rb4 18. Be3 Bxe4 19. Bxe6+ Ke8 20. Qf4 Qd6 21. Nxe4 Qxe6 22. Bc5 Rc4 23. Bxe7 Bxe7 24. Nxf6+ gxf6 25. Rxe6 Rxf4 26. gxf4 Kd7 27. Re3 Bd6 28. Rd1 c5 29. Rdd3 Kc6 30. Rxh3 Rb8 31. b3 Bxf4 32. Rdf3 Be5 33. Kf1 c4 34. Rc3 Bxc3 35. Rxc3 Kd5 36. Rxc4 c5 37. Ra4 Rh8 38. h4 f5 39. Kg2 a5 40. Kh3 Re8 41. Rxa5 Re2 42. Kg3 Rb2 43. Ra4 Ke5 44. h5 Kf6 45. Rh4 Kg5 46. h6 Rxa2 47. h7 1-0

[Event "It (Open) Deizisau GER"]
[Site "?"]
[Date "2006.04.16"]
[Round "6"]
[White "Gelashvili Tamaz"]
[Black "Zaragatski Ilja"]
[Result "1/2-1/2"]
[WhiteElo "2576"]
[BlackElo "2423"]
[PlyCount "135"]
[EventDate "2006.??.??"]
[Source "www.chesslib.no"]
[SourceDate "2004.05.04"]

1. d4 d5 2. Nf3 Nc6 3. e3 Bg4 4. Bb5 e6 5. c4 Nge7 6. cxd5 exd5 7. Nc3 a6 8. Ba4 Qd6 9. Bd2 O-O-O 10. a3 f5 11. h3 Bh5 12. Ne2 Bxf3 13. gxf3 g5 14. h4 Bh6 15. hxg5 Bxg5 16. f4 Bf6 17. Qc2 h5 18. Bxc6 Qxc6 19. Qxc6 bxc6 20. Bb4 h4 21. Nc1 h3 22. Rh2 Rdg8 23. Kf1 a5 24. Bc5 Kd7 25. Nd3 Nc8 26. Ke2 Rh6 27. a4 Nd6 28. Rah1 Rgh8 29. Bxd6 cxd6 30. b4 axb4 31. Nxb4 Rb8 32. Nd3 Ra8 33. Rxh3 Rxh3 34. Rxh3 Rxa4 35. Rh7+ Ke6 36. Rc7 Rc4 37. Kd2 Bd8 38. Ra7 Bh4 39. Ra8 Kd7 40. f3 Bd8 41. Ne1 Rb4 42. Nc2 Rb5 43. Ra7+ Ke6 44. Ra6 Kd7 45. Ra2 Ba5+ 46. Ke2 Bd8 47. Ne1 Ba5 48. Nd3 Bd8 49. Ra7+ Ke6 50. Kd2 Ra5 51. Rxa5 Bxa5+ 52. Ke2 Bc3 53. Nc1 Ba5 54. Kd3 Bb6 55. Ne2 Bd8 56. Nc1 Bb6 57. Nb3 Kf6 58. Na1 Ke6 59. Nc2 Ba5 60. e4 dxe4+ 61. fxe4 fxe4+ 62. Kxe4 d5+ 63. Kf3 Bb6 64. Kg4 c5 65. f5+ Kf7 66. dxc5 Bxc5 67. Ne1 Kf6 68. Nd3 1/2-1/2

[Event "Goodbye Summer Open"]
[Site "Omis"]
[Date "2004.10.09"]
[Round "5"]
[White "Cebalo, Miso"]
[Black "Fercec, Nenad"]
[Result "1-0"]
[WhiteElo "2520"]
[BlackElo "2477"]
[PlyCount "66"]
[EventDate "2004.10.06"]
[Source "Roberto Alvarez"]
[SourceDate "2004.10.18"]

1. d4 d5 2. Nf3 Nc6 3. Bf4 Bg4 4. e3 e6 5. c4 Bb4+ 6. Nc3 Nf6 7. Rc1 Ne4 8. h3 Bh5 9. Bd3 O-O 10. cxd5 exd5 11. Be2 Na5 12. O-O Bxf3 13. Bxf3 Bxc3 14. Bxe4 Bxb2 15. Bxc7 Qe7 16. Rc2 Qxe4 17. Bxa5 Ba3 18. Rc3 Bd6 19. Qb3 Qe7 20. Rb1 Rfe8 21. Bb4 Rad8 22. Bxd6 Qxd6 23. Qa3 Qb8 24. Rbc1 h5 25. Rc7 Rc8 26. Rxc8 Rxc8 27. Rxc8+ Qxc8 28. Qxa7 Qc1+ 29. Kh2 Qc7+ 30. f4 h4 31. Qa8+ Kh7 32. Qe8 g6 33. Qe5 Qc4 1-0

[Event "Open"]
[Site "Ginevra SVI"]
[Date "2007.01.23"]
[Round "4"]
[White "Stojanovic, Mih"]
[Black "Raetsky, A."]
[Result "1-0"]
[WhiteElo "2576"]
[BlackElo "2417"]
[PlyCount "67"]
[EventDate "2007.01.20"]
[Source "www.chesslib.no"]
[SourceDate "2004.05.04"]

1. d4 d5 2. Nf3 Nc6 3. Bf4 Bg4 4. e3 e6 5. h3 Bh5 6. Nbd2 Bd6 7. c3 Nge7 8. Be2 O-O 9. O-O a6 10. Re1 Bxf3 11. Nxf3 Ng6 12. Bxd6 cxd6 13. c4 dxc4 14. Bxc4 Nh4 15. Nd2 Qg5 16. Bf1 d5 17. Rc1 Rfc8 18. Qe2 Nb4 19. a3 Rxc1 20. Rxc1 Nc6 21. Nb3 e5 22. dxe5 Qxe5 23. Nc5 Qe7 24. b4 Ne5 25. Kh1 Rd8 26. Rd1 g6 27. Qa2 b6 28. Nxa6 Qf6 29. Qe2 d4 30. exd4 Nc6 31. d5 Nd4 32. Qe4 Nhf5 33. g4 Qh4 34. Qg2 1-0